h1

h2

h3

h4

h5
h6
000123188 001__ 123188
000123188 005__ 20230821100150.0
000123188 0247_ $$2HSB$$aama23662
000123188 037__ $$aRWTH-CONV-194076
000123188 041__ $$aEnglish
000123188 1001_ $$0P:(DE-82)008231$$aKopp, R.$$b0$$eAuthor
000123188 1112_ $$a4. Int. Conf. on Technol. of Plasticity.$$cBeijing$$wPeoples R China
000123188 245__ $$aApplication of FEM to prediction of microstructure in hot forming of metals$$hprint
000123188 260__ $$c1993
000123188 29510 $$aProc. 4. Int. Conf. on Technol. of Plasticity. Beijing, China 1993
000123188 300__ $$a1203-1211
000123188 3367_ $$0PUB:(DE-HGF)8$$2PUB:(DE-HGF)$$aContribution to a conference proceedings$$bcontrib$$mcontrib
000123188 3367_ $$033$$2EndNote$$aConference Paper
000123188 3367_ $$2ORCID$$aCONFERENCE_PAPER
000123188 3367_ $$2DataCite$$aOutput Types/Conference Paper
000123188 3367_ $$2DRIVER$$aconferenceObject
000123188 3367_ $$2BibTeX$$aINPROCEEDINGS
000123188 7001_ $$0P:(DE-82)118861$$aKarhausen, K.$$b1$$eAuthor
000123188 7001_ $$0P:(DE-82)102859$$aSchneiders, R.$$b2$$eAuthor
000123188 909CO $$ooai:publications.rwth-aachen.de:123188$$pVDB
000123188 9201_ $$0I:(DE-82)523410_20140620$$k523410$$lLehrstuhl und Institut für Bildsame Formgebung$$x0
000123188 9201_ $$0I:(DE-82)520000_20140620$$k520000$$lFachgruppe für Metallurgie und Werkstofftechnik$$x1
000123188 961__ $$c2013-06-08$$x2011-03-25$$z2023-07-27
000123188 970__ $$aama23662
000123188 980__ $$acontrib
000123188 980__ $$aI:(DE-82)523410_20140620
000123188 980__ $$aI:(DE-82)520000_20140620
000123188 980__ $$aVDB
000123188 980__ $$aUNRESTRICTED
000123188 980__ $$aConvertedRecord